| 000 | 01202cab a22002415a 4500 | ||
|---|---|---|---|
| 001 | L146567 | ||
| 008 | 090204e20090130xxkdo f s 000 0 eng d | ||
| 035 | _a(Sirsi) u146567 | ||
| 041 | 0 | _aeng | |
| 100 | 1 | _aFordham, Peter | |
| 245 | 0 | 0 |
_aMarket forecast _btwo years to go... |
| 260 | _c2008 | ||
| 490 | 0 |
_aBuilding _v274 (8564) 30 January 2009, 54-56 (3) |
|
| 520 | _aDavis Langdon's Tender Price Index for the last quarter of 2008 reveals that prices fell considerably in the UK during this period of time. Prices are expected to fall over the two next years. The Building Cost Index increased by 7.4% over the year to the fourth quarter of 2008, and the rate of interest in the Retail Prices Index fell to 0.9% in December 2008. Contains general trends and forecasts for the construction industry, including materials prices and market characteristics, outputs and orders, labour costs. Develops the key issues for 2009. | ||
| 590 | _aKA | ||
| 650 | 2 | 4 | _aDAVIS LANGDON TENDER PRICE INDEX |
| 650 | 2 | 4 | _aBUILDING COST INDEX |
| 650 | 2 | 4 | _aCREDIT CRUNCH |
| 651 | 4 |
_aUnited Kingdom _y |
|
| 690 | _aBUILT ENVIRONMENT-CONSTRUCTION MARKET | ||
| 700 | 1 | _aBaldauf-Cunnington, Maren | |
| 942 | _n0 | ||
| 999 |
_c81189 _d81189 |
||